David Bowie in Cinema 👨🏻‍🎤 - Statistics

General Stats
  • This quiz has been taken 22 times
  • The average score is 7 of 16
Answer Stats
Year Hint Film % Correct
1986 Plays Jareth, the Goblin King, in this fantasy film Labyrinth
90%
2006 Plays Nikola Tesla in this Christopher Nolan film The Prestige
71%
1976 His first starring role: a stranded alien trying to save his dying planet The Man Who Fell to Earth
67%
2001 Plays himself, judging a "walk-off" between two male models Zoolander
62%
2014 "Moonage Daydream" appears on Star-Lord's "Awesome Mix" Guardians of the Galaxy
57%
1983 Plays Major Jack Celliers, a charismatic POW in a Japanese prison camp Merry Christmas, Mr. Lawrence
57%
1992 Plays FBI agent Philip Jeffries in this David Lynch film Twin Peaks: Fire Walk with Me
52%
1988 Plays Pontius Pilate, interrogating Willem Dafoe's Jesus The Last Temptation of Christ
48%
1986 Plays advertising mogul Vendice Partners in this musical Absolute Beginners
38%
1982 Contributed "Cat People (Putting Out Fire)" to the soundtrack of this film Cat People
38%
1997 Contributed "I'm Deranged" to the soundtrack of this David Lynch film Lost Highway
38%
1996 Plays Andy Warhol in this biopic about another artist Basquiat
33%
1983 Catherine Deneuve’s vampire lover in Tony Scott’s stylish gothic horror film The Hunger
33%
2004 Seu Jorge covers several Bowie songs in Portuguese for this Wes Anderson film The Life Aquatic with Steve Zissou
24%
1986 Wrote the title song for this bleak animated nuclear war film When the Wind Blows
24%
2000 Either of the two movies with "Something in the Air" in the closing credits American Psycho / Memento
5%
No matching quizzes found
Score Distribution
Percent of People with Each Score
Percentile by Number Answered
Your Score History
You have not taken this quiz